3 Greek Logos - Statistics

General Stats
  • This quiz has been taken 4 times
  • The average score is 1 of 3
Answer Stats
Question Answer % Correct
5% Alpha
100%
9% Audio Visual
0%
20% Goodys
0%
No matching quizzes found
Score Distribution
Percent of People with Each Score
Percentile by Number Answered
Your Score History
You have not taken this quiz